| 000 | 01036nam a2200229 a 4500 | ||
|---|---|---|---|
| 001 | 1170446 | ||
| 003 | AM-YEHGA | ||
| 005 | 20250922135946.0 | ||
| 008 | 160916s1912 ru a||||r|||||001|0|rus|d | ||
| 040 | _aAM-YeHGA | ||
| 041 | 0 | _arus | |
| 100 | 1 | _aДогель, Иван Михайлович | |
| 245 | 1 | 0 |
_aСпиртные напитки, здоровье и нравственность : _bС 20 таблицами рисунков и 18 фигурами в тексте / _cИ.М. Догель, засл. орд. проф. Имп. Казан. ун-та. |
| 260 |
_aКазань : _bИзд. Казан. пед. музея, _c1912. |
||
| 300 |
_a[2], 258, IV, [26] с. : _bил., 22 вкл. л. цв. ил. ; _c24 см. |
||
| 504 | _aБиблиогр.: с. 252-258 | ||
| 650 | 1 | 4 | _aМедицина |
| 650 | 1 | 4 | _aАлкоголизм |
| 650 | 1 | 4 | _aВлияние спиртных напитков на организм |
| 650 | 1 | 4 | _aАлкоголизм с гигиенической точки зрения |
| 942 |
_2udc _cBK |
||
| 999 |
_c536343 _d536343 |
||